[Event "2012"]
[Site "Pyhajarve"]
[Date "2012.11.25"]
[Round "15.5"]
[White "SMITH, Axel"]
[Black "TUULIK, Ylo"]
[Result "1/2-1/2"]
[LiveChessVersion "1.3.1"]
[BlackElo "1923"]
[WhiteElo "2490"]

1. d4 {[%clk 0:04:00]} Nc6 {[%clk 0:15:59]} 2. Nf3 d5 3. c4 {[%clk 0:03:57]} Nf6
{[%clk 0:15:57]} 4. cxd5 {[%clk 0:03:55]} Nxd5 {[%clk 0:15:54]} 5. e4
{[%clk 0:03:52]} Nf6 6. Nc3 Bg4 {[%clk 0:15:51]} 7. d5 {[%clk 0:03:38]} Nb8
{[%clk 0:15:46]} 8. Be3 {[%clk 0:03:29]} Nbd7 {[%clk 0:15:41]} 9. Be2
{[%clk 0:03:25]} h5 {[%clk 0:15:32]} 10. Nd4 {[%clk 0:03:21]} e5 {[%clk 0:15:20]}
11. dxe6 {[%clk 0:03:17]} fxe6 {[%clk 0:15:18]} 12. f3 {[%clk 0:03:15]} e5
{[%clk 0:14:47]} 13. Nf5 {[%clk 0:03:10]} Bxf5 {[%clk 0:14:45]} 14. exf5
{[%clk 0:03:10]} Bd6 {[%clk 0:14:43]} 15. Bc4 {[%clk 0:03:05]} Qe7
{[%clk 0:14:40]} 16. Qa4 {[%clk 0:03:01]} c6 {[%clk 0:13:35]} 17. Qb3
{[%clk 0:02:58]} O-O-O {[%clk 0:13:24]} 18. Bxa7 {[%clk 0:02:56]} Bc5
{[%clk 0:13:16]} 19. Bxc5 {[%clk 0:02:49]} Qxc5 {[%clk 0:13:01]} 20. O-O-O
{[%clk 0:02:44]} Nb6 {[%clk 0:12:51]} 21. Be6+ {[%clk 0:02:41]} Kb8
{[%clk 0:12:51]} 22. Kb1 {[%clk 0:02:35]} Rd4 {[%clk 0:12:36]} 23. Ne2
{[%clk 0:02:26]} Rb4 {[%clk 0:12:26]} 24. Qc2 {[%clk 0:02:17]} Qa5
{[%clk 0:12:10]} 25. Nc3 {[%clk 0:02:15]} Nc4 {[%clk 0:12:00]} 26. Bxc4
{[%clk 0:02:13]} Rxc4 {[%clk 0:11:57]} 27. Rd3 {[%clk 0:02:07]} Nd5
{[%clk 0:11:50]} 28. Rhd1 {[%clk 0:01:57]} Rd8 {[%clk 0:11:43]} 29. Ka1
{[%clk 0:01:42]} Rc8 {[%clk 0:11:33]} 30. Qd2 {[%clk 0:01:33]} Nb4 31. b3
{[%clk 0:01:23]} Rd4 32. Rxd4 exd4 {[%clk 0:10:40]} 33. Na4 {[%clk 0:01:22]} d3
{[%clk 0:10:32]} 34. Kb2 b5 {[%clk 0:10:08]} 35. Nc3 {[%clk 0:01:12]} Rd8
{[%clk 0:10:01]} 36. a3 {[%clk 0:01:10]} Nc2 {[%clk 0:09:53]} 37. Nb1
{[%clk 0:01:04]} Qb6 {[%clk 0:09:26]} 38. Qc3 {[%clk 0:01:04]} b4
{[%clk 0:09:05]} 39. axb4 {[%clk 0:01:03]} Nxb4 40. Qxg7 Qc5 {[%clk 0:08:49]} 41.
Qc3 {[%clk 0:01:01]} Qb6 {[%clk 0:08:46]} 42. Qe5+ {[%clk 0:00:59]} Ka8
{[%clk 0:08:41]} 43. Nc3 {[%clk 0:00:56]} Nc2 {[%clk 0:08:37]} 44. Qe7
{[%clk 0:00:40]} Rb8 {[%clk 0:08:31]} 45. Qe6 {[%clk 0:00:35]} Nd4 46. Ra1+ Kb7
{[%clk 0:08:24]} 47. Qe7+ {[%clk 0:00:34]} Kc8 {[%clk 0:08:19]} 48. Qe8+
{[%clk 0:00:33]} Kc7 {[%clk 0:08:19]} 49. Qe7+ {[%clk 0:00:32]} Kc8
{[%clk 0:08:18]} 50. Qe8+ {[%clk 0:00:32]} Kc7 {[%clk 0:08:18]} 51. Qe7+
{[%clk 0:00:17]} Kc8 52. Qe8+ Kc7 {[%clk 0:08:16]} 1/2-1/2

[Event "2012"]
[Site "Pyhajarve"]
[Date "2012.11.25"]
[Round "15.6"]
[White "VOROBJOV, Pavel"]
[Black "VOLODIN, Aleksandr"]
[Result "0-1"]
[LiveChessVersion "1.3.1"]
[BlackElo "2446"]
[WhiteElo "2206"]

1. d4 {[%clk 0:11:59]} Nf6 {[%clk 0:07:59]} 2. Nf3 {[%clk 0:11:56]} c5
{[%clk 0:07:54]} 3. d5 {[%clk 0:11:53]} b5 {[%clk 0:07:52]} 4. c4
{[%clk 0:11:49]} bxc4 {[%clk 0:07:49]} 5. Nc3 {[%clk 0:11:47]} d6
{[%clk 0:07:48]} 6. e4 {[%clk 0:11:44]} g6 {[%clk 0:07:47]} 7. Bxc4
{[%clk 0:11:41]} Bg7 {[%clk 0:07:46]} 8. Qe2 {[%clk 0:11:16]} O-O
{[%clk 0:07:44]} 9. O-O {[%clk 0:11:08]} Bg4 {[%clk 0:07:40]} 10. Bf4
{[%clk 0:10:52]} Nbd7 {[%clk 0:07:37]} 11. h3 {[%clk 0:10:47]} Bxf3
{[%clk 0:07:35]} 12. Qxf3 {[%clk 0:10:45]} Rb8 {[%clk 0:07:32]} 13. Rab1
{[%clk 0:10:32]} Nh5 {[%clk 0:07:12]} 14. Bd2 {[%clk 0:09:34]} Ne5
{[%clk 0:07:05]} 15. Qe2 {[%clk 0:09:33]} Nxc4 {[%clk 0:06:08]} 16. Qxc4
{[%clk 0:09:31]} Rb4 {[%clk 0:06:06]} 17. Qe2 {[%clk 0:09:17]} Qb8
{[%clk 0:05:59]} 18. Nd1 {[%clk 0:08:49]} Rb6 {[%clk 0:05:12]} 19. Bc3
{[%clk 0:07:47]} Bxc3 {[%clk 0:04:00]} 20. Nxc3 {[%clk 0:07:46]} Rb4
{[%clk 0:03:55]} 21. g3 {[%clk 0:06:59]} Qb7 {[%clk 0:03:48]} 22. e5
{[%clk 0:06:11]} Rb8 {[%clk 0:03:43]} 23. b3 {[%clk 0:05:54]} Ng7
{[%clk 0:03:29]} 24. exd6 {[%clk 0:05:50]} exd6 {[%clk 0:03:28]} 25. Ne4
{[%clk 0:05:46]} Qe7 {[%clk 0:02:48]} 26. Rfe1 {[%clk 0:05:45]} Re8
{[%clk 0:02:47]} 27. Nc3 {[%clk 0:05:03]} Qxe2 {[%clk 0:02:40]} 28. Rxe2
{[%clk 0:05:02]} Rxe2 29. Nxe2 {[%clk 0:05:01]} Nf5 {[%clk 0:02:37]} 30. Rc1
{[%clk 0:04:37]} Nd4 {[%clk 0:02:30]} 31. Nc3 {[%clk 0:04:08]} c4
{[%clk 0:02:29]} 32. bxc4 {[%clk 0:03:58]} Rxc4 {[%clk 0:02:28]} 33. Kf1
{[%clk 0:03:58]} Nb5 {[%clk 0:02:19]} 34. Ne2 {[%clk 0:03:53]} Rxc1+ 35. Nxc1
{[%clk 0:03:52]} Nc3 {[%clk 0:02:17]} 36. Ke1 {[%clk 0:03:38]} Nxd5
{[%clk 0:02:15]} 37. Kd2 {[%clk 0:03:37]} Kg7 {[%clk 0:02:14]} 38. Kd3
{[%clk 0:03:33]} Kf6 {[%clk 0:02:12]} 39. Kd4 {[%clk 0:03:32]} Ke6
{[%clk 0:02:10]} 40. Nd3 {[%clk 0:03:28]} f6 {[%clk 0:02:03]} 41. h4
{[%clk 0:03:24]} Nc7 {[%clk 0:01:54]} 42. Nf4+ {[%clk 0:03:23]} Kf5
{[%clk 0:01:52]} 43. a4 {[%clk 0:03:18]} Ne6+ {[%clk 0:01:51]} 44. Kd5
{[%clk 0:02:44]} Nxf4+ {[%clk 0:01:49]} 45. gxf4 {[%clk 0:02:43]} Kxf4
{[%clk 0:01:48]} 46. a5 {[%clk 0:02:41]} g5 {[%clk 0:01:41]} 47. hxg5
{[%clk 0:02:37]} fxg5 {[%clk 0:01:39]} 48. Kxd6 {[%clk 0:02:34]} h5
{[%clk 0:01:38]} 49. a6 {[%clk 0:02:28]} h4 {[%clk 0:01:37]} 50. Kc7
{[%clk 0:02:28]} h3 {[%clk 0:01:37]} 51. Kb7 {[%clk 0:02:27]} h2 {[%clk 0:01:36]}
52. Kxa7 {[%clk 0:02:26]} h1=Q {[%clk 0:01:33]} 53. Kb8 {[%clk 0:02:25]} Qc6
{[%clk 0:01:31]} 54. a7 {[%clk 0:02:24]} Qb6+ {[%clk 0:01:30]} 0-1

[Event "2012"]
[Site "Pyhajarve"]
[Date "2012.11.25"]
[Round "16.1"]
[White "SHORT, Nigel"]
[Black "KELDER, Hendrek"]
[Result "1-0"]
[LiveChessVersion "1.3.1"]
[BlackElo "2065"]
[WhiteElo "2702"]

1. e4 {[%clk 0:02:00]} e5 {[%clk 0:17:57]} 2. Nf3 {[%clk 0:01:59]} Nc6
{[%clk 0:17:57]} 3. Bb5 a6 4. Ba4 {[%clk 0:01:57]} Nf6 {[%clk 0:17:55]} 5. O-O
{[%clk 0:01:56]} b5 {[%clk 0:17:54]} 6. Bb3 {[%clk 0:01:55]} Be7 {[%clk 0:17:49]}
7. d4 {[%clk 0:01:54]} d6 {[%clk 0:17:02]} 8. c3 {[%clk 0:01:53]} O-O
{[%clk 0:16:56]} 9. h3 {[%clk 0:01:51]} Bb7 {[%clk 0:16:06]} 10. Nbd2
{[%clk 0:01:51]} a5 {[%clk 0:16:02]} 11. a4 {[%clk 0:01:49]} b4 {[%clk 0:15:57]}
12. d5 {[%clk 0:01:48]} Nb8 {[%clk 0:15:53]} 13. cxb4 {[%clk 0:01:46]} axb4
{[%clk 0:15:52]} 14. Re1 {[%clk 0:01:44]} Nbd7 {[%clk 0:15:47]} 15. Bc2
{[%clk 0:01:42]} Nc5 {[%clk 0:14:28]} 16. b3 {[%clk 0:01:41]} Ba6
{[%clk 0:14:09]} 17. Nf1 {[%clk 0:01:37]} Qd7 {[%clk 0:12:57]} 18. Ng3
{[%clk 0:01:36]} g6 {[%clk 0:12:17]} 19. Be3 {[%clk 0:01:35]} Nb7 20. Qd2 Rfc8
{[%clk 0:11:09]} 21. Qxb4 {[%clk 0:01:33]} c5 {[%clk 0:10:55]} 22. Qd2
{[%clk 0:01:31]} c4 {[%clk 0:10:48]} 23. b4 {[%clk 0:01:30]} c3 {[%clk 0:10:33]}
24. Qc1 {[%clk 0:01:30]} Bc4 {[%clk 0:10:10]} 25. Ra3 {[%clk 0:01:29]} Nh5
{[%clk 0:09:30]} 26. Nxh5 gxh5 27. Rxc3 {[%clk 0:01:26]} Nd8 {[%clk 0:09:20]} 28.
Qb2 {[%clk 0:01:24]} Kh8 {[%clk 0:09:15]} 29. Rc1 {[%clk 0:01:23]} Ba6
{[%clk 0:09:10]} 30. b5 {[%clk 0:01:21]} Bb7 {[%clk 0:09:09]} 31. Rxc8
{[%clk 0:01:17]} Rxc8 {[%clk 0:09:09]} 32. a5 {[%clk 0:01:16]} Ba8
{[%clk 0:08:58]} 33. a6 {[%clk 0:01:15]} f5 {[%clk 0:08:09]} 34. Nxe5
{[%clk 0:01:13]} dxe5 {[%clk 0:07:58]} 35. Qxe5+ {[%clk 0:01:11]} Kg8
{[%clk 0:07:50]} 36. Bd4 {[%clk 0:01:11]} Bf8 {[%clk 0:07:21]} 37. Qh8+
{[%clk 0:01:09]} Kf7 {[%clk 0:07:20]} 38. Qxh7+ {[%clk 0:01:08]} Ke8
{[%clk 0:07:17]} 39. Qxh5+ {[%clk 0:01:07]} Nf7 {[%clk 0:07:13]} 40. f3
{[%clk 0:01:02]} Qxb5 {[%clk 0:06:02]} 41. Qxf5 {[%clk 0:01:01]} Qxa6
{[%clk 0:06:00]} 42. Ba4+ {[%clk 0:00:58]} Ke7 {[%clk 0:05:49]} 43. Qd7# 1-0

[Event "2012"]
[Site "Pyhajarve"]
[Date "2012.11.25"]
[Round "16.2"]
[White "PORRASMAA, Timo"]
[Black "MIEZIS, Normunds"]
[Result "0-1"]
[LiveChessVersion "1.3.1"]
[BlackElo "2512"]
[WhiteElo "2048"]

1. c4 {[%clk 0:15:57]} c5 {[%clk 0:03:59]} 2. Nf3 {[%clk 0:15:51]} Nc6
{[%clk 0:03:57]} 3. Nc3 {[%clk 0:15:40]} e5 {[%clk 0:03:55]} 4. e3
{[%clk 0:15:35]} Nf6 {[%clk 0:03:50]} 5. d4 {[%clk 0:15:30]} cxd4
{[%clk 0:03:43]} 6. exd4 {[%clk 0:15:26]} e4 {[%clk 0:03:40]} 7. Ne5
{[%clk 0:14:07]} Bb4 {[%clk 0:03:22]} 8. Be2 {[%clk 0:13:31]} O-O
{[%clk 0:03:18]} 9. O-O {[%clk 0:13:25]} d6 {[%clk 0:03:01]} 10. Ng4
{[%clk 0:12:48]} Nxg4 {[%clk 0:02:53]} 11. Bxg4 {[%clk 0:12:46]} Bxg4
{[%clk 0:02:39]} 12. Qxg4 {[%clk 0:12:41]} Nxd4 {[%clk 0:02:18]} 13. Qxe4
{[%clk 0:12:07]} Bxc3 {[%clk 0:02:16]} 14. bxc3 {[%clk 0:12:05]} Nc6
{[%clk 0:02:13]} 15. Bf4 {[%clk 0:11:43]} Re8 {[%clk 0:02:11]} 16. Qd5
{[%clk 0:10:33]} Qf6 {[%clk 0:02:10]} 17. Be3 {[%clk 0:08:36]} Qxc3
{[%clk 0:01:56]} 18. Rab1 {[%clk 0:08:20]} Re7 {[%clk 0:01:48]} 19. Rfd1
{[%clk 0:08:02]} h6 {[%clk 0:01:39]} 20. Rb3 {[%clk 0:06:58]} Qf6
{[%clk 0:01:36]} 21. Qxd6 {[%clk 0:06:39]} Rd8 {[%clk 0:01:32]} 22. Qxd8+
{[%clk 0:06:24]} Nxd8 {[%clk 0:01:30]} 23. Rxd8+ {[%clk 0:06:22]} Kh7
{[%clk 0:01:29]} 24. Rd1 {[%clk 0:06:00]} b6 {[%clk 0:01:27]} 25. Bd4
{[%clk 0:05:45]} Rd7 {[%clk 0:01:23]} 26. Rbd3 {[%clk 0:05:40]} Qf5
{[%clk 0:01:21]} 27. h3 {[%clk 0:05:06]} f6 {[%clk 0:01:20]} 28. R3d2
{[%clk 0:04:49]} Qa5 {[%clk 0:01:18]} 29. Kh2 {[%clk 0:04:03]} Qa4
{[%clk 0:01:16]} 30. Rc1 {[%clk 0:03:22]} b5 {[%clk 0:01:15]} 31. c5
{[%clk 0:02:17]} Rxd4 {[%clk 0:01:13]} 32. c6 {[%clk 0:02:08]} Rxd2
{[%clk 0:01:08]} 33. c7 {[%clk 0:02:05]} Qf4+ {[%clk 0:01:05]} 34. Kg1
{[%clk 0:02:01]} Qxf2+ {[%clk 0:01:03]} 0-1

[Event "2012"]
[Site "Pyhajarve"]
[Date "2012.11.25"]
[Round "16.3"]
[White "KULAOTS, Kaido"]
[Black "SEPP, Olav"]
[Result "1-0"]
[LiveChessVersion "1.3.1"]
[BlackElo "2446"]
[WhiteElo "2537"]

1. e4 {[%clk 0:07:59]} e5 {[%clk 0:12:00]} 2. Nf3 {[%clk 0:07:58]} Nc6
{[%clk 0:12:00]} 3. Bb5 {[%clk 0:07:57]} Nf6 {[%clk 0:11:59]} 4. Nc3
{[%clk 0:07:56]} Bd6 {[%clk 0:11:52]} 5. a3 {[%clk 0:07:54]} O-O {[%clk 0:11:33]}
6. g4 {[%clk 0:07:23]} Nd4 {[%clk 0:11:08]} 7. Bc4 {[%clk 0:07:10]} Nxg4
{[%clk 0:10:55]} 8. Rg1 {[%clk 0:06:22]} Qf6 {[%clk 0:10:55]} 9. Rxg4
{[%clk 0:05:44]} Nxf3+ 10. Ke2 c6 {[%clk 0:09:42]} 11. Rg3 {[%clk 0:05:43]} Nd4+
{[%clk 0:09:36]} 12. Kf1 {[%clk 0:05:42]} Bc5 {[%clk 0:09:33]} 13. d3
{[%clk 0:05:36]} Ne6 {[%clk 0:06:44]} 14. Qe2 {[%clk 0:05:01]} d6
{[%clk 0:06:36]} 15. Nd1 {[%clk 0:03:32]} Nf4 {[%clk 0:06:32]} 16. Qf3
{[%clk 0:03:29]} Be6 17. Ne3 {[%clk 0:03:20]} Nh5 {[%clk 0:06:08]} 18. Qxh5
{[%clk 0:03:11]} g6 {[%clk 0:06:04]} 19. Qh6 {[%clk 0:03:01]} Rad8
{[%clk 0:06:00]} 20. Nf5 {[%clk 0:02:36]} Bxf5 {[%clk 0:05:50]} 21. exf5
{[%clk 0:02:28]} d5 {[%clk 0:05:32]} 22. Rh3 {[%clk 0:02:17]} Qg7
{[%clk 0:05:12]} 23. Qxg7+ {[%clk 0:02:14]} Kxg7 {[%clk 0:05:12]} 24. Bh6+ Kf6
25. Bxf8 {[%clk 0:02:11]} Rxf8 {[%clk 0:05:09]} 26. Bb3 {[%clk 0:02:09]} gxf5
{[%clk 0:05:03]} 27. Rxh7 {[%clk 0:02:04]} Rg8 {[%clk 0:05:01]} 28. Re1
{[%clk 0:02:00]} Rg4 {[%clk 0:04:57]} 29. Rh6+ {[%clk 0:01:57]} Kg7
{[%clk 0:04:55]} 30. Rh3 {[%clk 0:01:55]} Rf4 {[%clk 0:04:53]} 31. Re2
{[%clk 0:01:53]} f6 {[%clk 0:04:50]} 32. Kg2 {[%clk 0:01:51]} b5 {[%clk 0:04:41]}
33. Rf3 {[%clk 0:01:49]} Rh4 {[%clk 0:04:40]} 34. Rxf5 {[%clk 0:01:46]} a5
{[%clk 0:04:35]} 35. Rf3 {[%clk 0:01:45]} a4 {[%clk 0:04:34]} 36. Ba2
{[%clk 0:01:44]} Bd6 {[%clk 0:04:23]} 37. Rh3 {[%clk 0:01:42]} Rf4
{[%clk 0:04:22]} 38. Ree3 {[%clk 0:01:40]} Bc5 {[%clk 0:04:14]} 39. Ref3
{[%clk 0:01:39]} Rd4 {[%clk 0:04:12]} 40. c3 {[%clk 0:01:38]} Rg4+ 41. Rhg3 1-0

[Event "2012"]
[Site "Pyhajarve"]
[Date "2012.11.25"]
[Round "16.4"]
[White "TUULIK, Ylo"]
[Black "LIIVA, Riho"]
[Result "0-1"]
[LiveChessVersion "1.3.1"]
[BlackElo "2451"]
[WhiteElo "1923"]

1. d4 {[%clk 0:17:59]} d5 {[%clk 0:02:00]} 2. Nf3 {[%clk 0:17:57]} c6
{[%clk 0:02:00]} 3. Bg5 {[%clk 0:17:54]} h6 {[%clk 0:01:59]} 4. Bh4 Qb6 5. Nbd2
{[%clk 0:17:47]} Qxb2 {[%clk 0:01:58]} 6. Rb1 {[%clk 0:17:46]} Qxa2
{[%clk 0:01:57]} 7. e3 {[%clk 0:17:42]} e6 {[%clk 0:01:56]} 8. Bd3 Be7 9. Bxe7
Nxe7 10. O-O {[%clk 0:17:34]} Qa5 {[%clk 0:01:55]} 11. Nb3 Qd8 12. Nc5 b6 13. Nb3
{[%clk 0:17:25]} O-O {[%clk 0:01:52]} 14. c4 {[%clk 0:17:19]} Ba6
{[%clk 0:01:51]} 15. c5 {[%clk 0:17:12]} Bxd3 {[%clk 0:01:49]} 16. Qxd3 Nd7 17.
Rfc1 {[%clk 0:17:02]} b5 {[%clk 0:01:48]} 18. Ra1 {[%clk 0:16:52]} a5
{[%clk 0:01:47]} 19. Nbd2 {[%clk 0:16:51]} a4 {[%clk 0:01:45]} 20. Nf1
{[%clk 0:16:50]} Qc7 {[%clk 0:01:43]} 21. Ng3 e5 22. Qe2 {[%clk 0:16:43]} e4
{[%clk 0:01:37]} 23. Nd2 {[%clk 0:16:35]} f5 {[%clk 0:01:37]} 24. f4
{[%clk 0:16:25]} exf3 {[%clk 0:01:36]} 25. Nxf3 {[%clk 0:16:23]} Rae8
{[%clk 0:01:36]} 26. Qd3 {[%clk 0:16:10]} f4 {[%clk 0:01:32]} 27. exf4
{[%clk 0:16:01]} Qxf4 {[%clk 0:01:31]} 28. Rf1 {[%clk 0:15:55]} Nf5
{[%clk 0:01:19]} 29. Nxf5 {[%clk 0:15:49]} Qxf5 30. Qd2 {[%clk 0:15:36]} Qf4
{[%clk 0:01:17]} 31. Qb2 {[%clk 0:15:24]} Qe3+ {[%clk 0:01:15]} 32. Kh1
{[%clk 0:15:23]} Qd3 {[%clk 0:01:14]} 33. Rfd1 {[%clk 0:15:13]} Qb3
{[%clk 0:01:12]} 34. Qd2 {[%clk 0:15:08]} Rxf3 {[%clk 0:01:08]} 35. gxf3 Qxf3+
36. Qg2 Qxg2+ 37. Kxg2 Re2+ 38. Kf3 {[%clk 0:14:53]} Re4 {[%clk 0:01:04]} 39. Rd3
{[%clk 0:14:44]} Nf6 {[%clk 0:01:03]} 40. Rdd1 {[%clk 0:14:27]} Kf7
{[%clk 0:01:02]} 41. Ra2 {[%clk 0:14:19]} g5 {[%clk 0:01:01]} 42. Kg2
{[%clk 0:14:14]} Nh5 {[%clk 0:00:59]} 43. Rf1+ {[%clk 0:14:13]} Nf4+
{[%clk 0:00:58]} 44. Kh1 Rxd4 45. h4 {[%clk 0:14:06]} Rd3 {[%clk 0:00:54]} 46. h5
{[%clk 0:13:52]} a3 {[%clk 0:00:53]} 47. Kh2 b4 48. Raf2 {[%clk 0:13:41]} b3
{[%clk 0:00:50]} 49. Re2 {[%clk 0:13:35]} a2 {[%clk 0:00:48]} 50. Kg1
{[%clk 0:13:25]} Rg3+ {[%clk 0:00:46]} 51. Kh2 {[%clk 0:13:17]} Rc3
{[%clk 0:00:45]} 52. Re5 {[%clk 0:13:09]} b2 {[%clk 0:00:41]} 53. Rfe1
{[%clk 0:12:46]} b1=Q {[%clk 0:00:39]} 54. Rxb1 {[%clk 0:12:46]} axb1=Q
{[%clk 0:00:36]} 55. Rf5+ {[%clk 0:12:44]} Qxf5 {[%clk 0:00:34]} 0-1

[Event "2012"]
[Site "Pyhajarve"]
[Date "2012.11.25"]
[Round "16.5"]
[White "REBANE, Raul"]
[Black "SMITH, Axel"]
[Result "0-1"]
[LiveChessVersion "1.3.1"]
[BlackElo "2490"]
[WhiteElo "2147"]

1. d4 {[%clk 0:13:59]} Nf6 {[%clk 0:06:00]} 2. Nf3 {[%clk 0:13:59]} g6
{[%clk 0:05:59]} 3. Bf4 {[%clk 0:13:58]} Bg7 {[%clk 0:05:58]} 4. c3
{[%clk 0:13:57]} O-O {[%clk 0:05:56]} 5. h3 {[%clk 0:13:57]} d6 {[%clk 0:05:55]}
6. e3 {[%clk 0:13:56]} c5 {[%clk 0:05:54]} 7. Be2 {[%clk 0:13:55]} Be6
{[%clk 0:05:52]} 8. O-O {[%clk 0:13:28]} Qb6 {[%clk 0:05:46]} 9. Qc1
{[%clk 0:13:01]} Nc6 {[%clk 0:05:42]} 10. Nbd2 {[%clk 0:12:48]} Rac8
{[%clk 0:05:18]} 11. Ng5 {[%clk 0:10:05]} cxd4 {[%clk 0:05:07]} 12. Nxe6
{[%clk 0:09:52]} fxe6 {[%clk 0:04:46]} 13. Nc4 {[%clk 0:09:30]} Qa6
{[%clk 0:04:46]} 14. Re1 b5 {[%clk 0:04:39]} 15. Na3 {[%clk 0:08:27]} dxc3
{[%clk 0:04:39]} 16. Nxb5 {[%clk 0:07:12]} cxb2 {[%clk 0:04:33]} 17. Qxb2
{[%clk 0:07:11]} Nd5 {[%clk 0:04:26]} 18. Qb3 {[%clk 0:07:02]} Qb6
{[%clk 0:04:04]} 19. Rac1 {[%clk 0:06:30]} a6 {[%clk 0:03:56]} 20. Na3
{[%clk 0:05:47]} Qxb3 {[%clk 0:03:41]} 21. axb3 {[%clk 0:05:46]} Ncb4
{[%clk 0:03:39]} 22. Nc4 {[%clk 0:05:28]} Nxf4 {[%clk 0:03:33]} 23. exf4
{[%clk 0:05:27]} Rxf4 {[%clk 0:03:31]} 24. Na5 {[%clk 0:04:53]} Rxc1
{[%clk 0:03:04]} 25. Rxc1 {[%clk 0:04:52]} Bd4 {[%clk 0:03:01]} 26. Rf1
{[%clk 0:04:42]} Kf7 {[%clk 0:02:56]} 27. g3 {[%clk 0:04:33]} Rf5
{[%clk 0:02:55]} 28. Nc4 {[%clk 0:04:28]} d5 {[%clk 0:02:52]} 29. Nd2
{[%clk 0:04:23]} e5 {[%clk 0:02:45]} 30. Kg2 Rf6 31. Rc1 {[%clk 0:04:00]} Rxf2+
{[%clk 0:02:44]} 0-1

[Event "2012"]
[Site "Pyhajarve"]
[Date "2012.11.25"]
[Round "16.6"]
[White "SCHULS, Olev"]
[Black "HAAVAMAE, Henrik"]
[Result "1-0"]
[LiveChessVersion "1.3.1"]
[BlackElo "1902"]
[WhiteElo "2224"]

1. e4 {[%clk 0:11:59]} c5 {[%clk 0:08:00]} 2. Nf3 {[%clk 0:11:57]} e6
{[%clk 0:07:58]} 3. d4 {[%clk 0:11:56]} cxd4 {[%clk 0:07:58]} 4. Nxd4
{[%clk 0:11:55]} Nf6 {[%clk 0:07:57]} 5. Bd3 {[%clk 0:11:54]} Nc6
{[%clk 0:07:54]} 6. Nxc6 {[%clk 0:11:53]} bxc6 {[%clk 0:07:54]} 7. O-O
{[%clk 0:11:51]} d5 {[%clk 0:07:45]} 8. e5 {[%clk 0:11:50]} Nd7 {[%clk 0:07:37]}
9. Re1 {[%clk 0:11:49]} Bc5 {[%clk 0:07:17]} 10. Qg4 {[%clk 0:11:43]} g6
{[%clk 0:09:30]} 11. Nc3 {[%clk 0:07:20]} Qb6 {[%clk 0:08:46]} 12. Qg3
{[%clk 0:07:07]} Bb4 {[%clk 0:08:18]} 13. Bd2 {[%clk 0:06:55]} d4
{[%clk 0:07:28]} 14. Ne4 {[%clk 0:06:40]} Bxd2 {[%clk 0:07:24]} 15. Nxd2
{[%clk 0:06:38]} Qxb2 {[%clk 0:07:14]} 16. Nc4 {[%clk 0:06:38]} Qc3
{[%clk 0:06:21]} 17. Nd6+ {[%clk 0:06:33]} Kf8 {[%clk 0:06:08]} 18. Qf4
{[%clk 0:06:26]} f5 {[%clk 0:05:40]} 19. exf6 {[%clk 0:05:52]} h5
{[%clk 0:04:49]} 20. Qg5 {[%clk 0:04:56]} Qc5 {[%clk 0:02:37]} 21. Qxg6
{[%clk 0:04:49]} Qxd6 {[%clk 0:02:31]} 22. Qg7+ {[%clk 0:04:48]} Ke8
{[%clk 0:02:29]} 1-0

[Event "2012"]
[Site "Pyhajarve"]
[Date "2012.11.25"]
[Round "17.2"]
[White "NYBACK, Tomi"]
[Black "PORRASMAA, Timo"]
[Result "1-0"]
[LiveChessVersion "1.3.1"]
[BlackElo "2048"]
[WhiteElo "2631"]

1. d4 {[%clk 0:03:58]} d6 {[%clk 0:15:56]} 2. Nf3 {[%clk 0:03:56]} Nf6
{[%clk 0:15:52]} 3. c4 {[%clk 0:03:54]} g6 {[%clk 0:15:49]} 4. Nc3
{[%clk 0:03:53]} Bf5 {[%clk 0:15:46]} 5. Qb3 {[%clk 0:03:49]} Qc8
{[%clk 0:15:41]} 6. g3 {[%clk 0:03:33]} Bg7 {[%clk 0:15:31]} 7. Bg2
{[%clk 0:03:31]} c6 {[%clk 0:15:14]} 8. Nh4 {[%clk 0:03:17]} Bd7 {[%clk 0:15:06]}
9. e4 {[%clk 0:03:15]} e5 {[%clk 0:14:42]} 10. dxe5 {[%clk 0:02:52]} dxe5
{[%clk 0:14:39]} 11. Nf3 {[%clk 0:02:49]} O-O {[%clk 0:12:35]} 12. Nxe5
{[%clk 0:02:29]} Bh3 {[%clk 0:12:00]} 13. O-O {[%clk 0:02:09]} Bxg2
{[%clk 0:11:56]} 14. Kxg2 {[%clk 0:02:07]} Nxe4 {[%clk 0:10:24]} 15. Nxg6
{[%clk 0:02:05]} hxg6 {[%clk 0:09:39]} 16. Nxe4 {[%clk 0:02:03]} Na6
{[%clk 0:09:10]} 17. Bf4 {[%clk 0:01:59]} b6 {[%clk 0:08:49]} 18. Rfe1
{[%clk 0:01:55]} Qf5 {[%clk 0:08:16]} 19. Nd6 {[%clk 0:01:49]} Qh5 20. Rad1
{[%clk 0:01:40]} Nc5 {[%clk 0:07:44]} 21. Qc2 {[%clk 0:01:36]} Ne6
{[%clk 0:07:27]} 22. Be3 {[%clk 0:01:35]} Ng5 {[%clk 0:07:00]} 23. Qe2
{[%clk 0:01:28]} Qh3+ {[%clk 0:06:32]} 24. Kg1 {[%clk 0:01:26]} Ne6
{[%clk 0:06:23]} 25. b3 {[%clk 0:01:21]} c5 {[%clk 0:06:11]} 26. Qf3
{[%clk 0:01:19]} Bd4 {[%clk 0:05:34]} 27. Ne4 {[%clk 0:01:12]} Kg7
{[%clk 0:04:38]} 28. Bxd4+ {[%clk 0:01:09]} Nxd4 {[%clk 0:04:13]} 29. Qf6+
{[%clk 0:01:08]} Kg8 {[%clk 0:04:11]} 30. Rxd4 {[%clk 0:01:06]} cxd4
{[%clk 0:04:08]} 31. Qxd4 {[%clk 0:01:05]} Rad8 {[%clk 0:03:59]} 32. Nf6+
{[%clk 0:01:03]} Kg7 {[%clk 0:02:24]} 33. Ne8+ {[%clk 0:01:00]} Kh6
{[%clk 0:02:23]} 34. Qg7+ {[%clk 0:00:58]} Kg5 {[%clk 0:02:22]} 35. Qxf8
{[%clk 0:00:56]} 1-0